| 000 | 00406nam a22001697a 4500 | ||
|---|---|---|---|
| 003 | NUST | ||
| 020 | _a978-81-203-4754-0 | ||
| 038 | _akhadija | ||
| 082 |
_a006.31 _bOPI |
||
| 100 |
_aSra, Suvrit _982194 |
||
| 245 | _aOptimization For Machine Learning / | ||
| 260 |
_aNew Delhi : _bPHI Learning, _c2013. |
||
| 300 |
_a494 p. ; _b25 cm. |
||
| 500 | _aPaperback. | ||
| 563 | _apaperback | ||
| 942 |
_cBK _2ddc |
||
| 999 |
_c34033 _d34033 |
||